000 01409nam a22002417a 4500
001 8766
003 FISKH
005 20251020082321.0
008 251020b cb ||||| |||| 00| 0 eng d
040 _aFISKH
_beng
_cFISKH
_dFISKH294.3923 LCC BQ5115.S63 B89
050 _aBQ5115.S63 B89
082 _a294.3923
100 _aLama, Dalai
245 _aLibertad en el exilio /
_cAutobiografia del Dalai Lama
250 _aThis edition published in 1991
260 _aMexico :
_bEditorial Diana,
_c1990
300 _a381 pages :
_billustrations ;
_c21 cm
520 _a"Libertad en el exilio" is the autobiography of the 14th Dalai Lama, Tenzin Gyatso. In the book, he tells the story of his life—from being chosen as the spiritual leader of Tibet as a child, to fleeing into exile in 1959 after the Chinese invasion. Living in India, he works to preserve Tibetan culture and fight for his people's rights through peace and nonviolence. He criticizes the Chinese government's actions in Tibet but promotes compassion and dialogue. In 1989, he receives the Nobel Peace Prize for his efforts. The book highlights his values of peace, forgiveness, and the struggle for freedom.
650 _aHope and Resilience in Exile
_vCultural Survival
_xCompassion and Forgiveness
650 _aNonviolence and Peace
_vHuman Rights and Freedom
_xSpiritual Leadership
_y
942 _2ddc
_cBK
_n0
999 _c8766
_d8766